Gaming Quiz

Random Gaming or Pokémon Quiz

Pokemon Evolution Quiz Stats

 Plays Quiz not verified by Sporcle

Also try: Risk or Real?
Challenge
Share
Tweet
Embed
Score 0/15 Timer 06:00
0 Plays Today
Question Name % Correct
Final evolution of CleffaClefable
95.3%
Mankey evolves into this at Lv28Primeape
93.3%
Evolutionary form of PonytaRapidash
89.3%
Pre-evolutionary form of Mr. MimeMime Jr.
87.3%
Pre-evolutionary form of MarowakCubone
86.6%
Final evolution of Porygon (as of Gen. IV)Porygon-Z
85.4%
Final evolution of Magby (as of Gen. IV)Magmortar
82.8%
Evolutionary form of YanmaYanmega
80.8%
Question Name % Correct
Evolves into HoundoomHoundour
78.5%
The other two evolutionary forms of Tyrogue other than HitmontopHitmonchan Hitmonlee
77.1%
Final evolutionary form of SlakothSlaking
77.1%
Final Evolution of DuskullDusknoir
72.4%
Evolutionary form of LickitungLickilicky
69.9%
The two evolution stones added to water, fire, thunder, ever, leaf, moon, shiny, and sunDusk Dawn
38%
Pokemon other than Eevee that completely changes its type upon evolutionAzurill
27%

You're not logged in!

Compare scores with friends on all Sporcle quizzes.
Join for Free
OR
Log In

You Might Also Like...

Show Comments

Extras

Created Jul 24, 2010ReportNominate
Tags:Pokémon Quiz, evolution

Top Quizzes Today


Score Distribution

Your Account Isn't Verified!

In order to create a playlist on Sporcle, you need to verify the email address you used during registration. Go to your Sporcle Settings to finish the process.

Report this User

Report this user for behavior that violates our Community Guidelines.

Details: